Analýza konsolidovaných účtovných výkazov (kvantitatívny prístup)
Analýza likvidity. Definícia likvidity. Ukazovatele likvidity. Analýza aktivity. Definícia aktivity. Analýza zadlženosti. Financovanie podniku vlastným alebo cudzím kapitálom. Hodnotenie a interpretácia výsledkov analýzy skupiny podnikov.
Gespeichert in:
| 1. Verfasser: | |
|---|---|
| Weitere Verfasser: | |
| Format: | Buchkapitel |
| Sprache: | Slowakisch |
| Schlagworte: | |
| Tags: |
Keine Tags, Fügen Sie das erste Tag hinzu!
|
MARC
| LEADER | 00000naa a2200000 4500 | ||
|---|---|---|---|
| 001 | r044923 | ||
| 005 | 20231002074514.1 | ||
| 041 | 0 | |a slo | |
| 044 | |a SK | ||
| 245 | 1 | 0 | |a Analýza konsolidovaných účtovných výkazov (kvantitatívny prístup) |c Jaroslav Sedláček, Jana Hvoždarová |
| 520 | |a Analýza likvidity. Definícia likvidity. Ukazovatele likvidity. Analýza aktivity. Definícia aktivity. Analýza zadlženosti. Financovanie podniku vlastným alebo cudzím kapitálom. Hodnotenie a interpretácia výsledkov analýzy skupiny podnikov. | ||
| 610 | 2 | 0 | |a výkazy účtovné konsolidované |
| 610 | 2 | 0 | |a likvidita |
| 610 | 2 | 0 | |a zadlženosť |
| 610 | 2 | 0 | |a podnik |
| 610 | 2 | 0 | |a kapitál cudzí |
| 610 | 2 | 0 | |a kapitál vlastný |
| 610 | 2 | 0 | |a analýzy |
| 100 | 1 | |a Sedláček, Jaroslav | |
| 700 | 1 | |a Hvoždarová, Jana | |